000 00713nam a2200217Ia 4500
003 BUBTL
008 151213s9999 xx 000 0 und d
020 _a9788126518654
082 _a332.6/ El84m/ 2007
100 _aElton, Edwin J.
245 _aModern Portfolio theory & investment analysis /
_cEdwin J. Elton, Martin j Gruber, stephen j. Brown, william N. goetzmann
250 _a8th
260 _aIndia
_bWiley
_cc2007
300 _a[xiv], 705p . :
_bill, Chart, Table ;
500 _aIncludes Index .
650 _aFinance
700 _aEdwin J.Elton,Martin j Gruber, stephen j.Brown, william N.goetzmann
856 _k0
_l0
_yDownload
942 _2ddc
_cBK
999 _c4922
_d4922